Guess the Taylor Swift Song (no hints) 161 - Statistics

General Stats
  • This quiz has been taken 70 times
  • The average score is 126 of 184
Answer Stats
Answer % Correct
I
100%
a
98%
A
98%
love
98%
like
95%
the
95%
you
95%
We
93%
we
93%
be
90%
it
90%
When
90%
and
88%
And
88%
in
88%
In
88%
Is
88%
me
88%
me,
88%
to
88%
your
88%
Your
88%
they
85%
What
85%
all
83%
its
83%
time
83%
you're
83%
had
80%
too
80%
us
80%
Could
78%
For
78%
just
78%
of
78%
up,
78%
up
78%
'Cause
75%
there
75%
by
73%
can't
73%
look
70%
how
68%
got
65%
off
65%
back
63%
you've
60%
get
58%
sad
58%
will
58%
beautiful
55%
Beautiful
55%
tragic
55%
affair
53%
Good
53%
little
53%
Long
50%
long
50%
meet
50%
try
50%
dreams
48%
Kiss
48%
life
48%
right
48%
darlin'
45%
fighting
45%
give
45%
late
45%
listen?
45%
magic
45%
mean
45%
they'll
45%
both
43%
Breakdown,
43%
demons
43%
Distance,
43%
face
43%
fix
43%
girls,
43%
lonely
43%
runs
43%
taking
43%
tracks
43%
train
43%
wait
43%
beds
40%
cities
40%
different
40%
note
40%
pocket
40%
sweet
40%
timing
40%
wake
40%
Words,
40%
conversation
38%
Deep
38%
erasing
38%
handwritten
38%
Hang
38%
locket
38%
stood
38%
Silence,
35%
warm
35%
hopeful
30%
No matching quizzes found
Score Distribution
Percent of People with Each Score
Percentile by Number Answered
Your Score History
You have not taken this quiz